Advanced Reinforced Concrete Design (Record no. 5684)

MARC details
000 -LEADER
fixed length control field 00357nam a2200145Ia 4500
008 - FIXED-LENGTH DATA ELEMENTS--GENERAL INFORMATION
fixed length control field 191201s2012 xx 000 0 und d
082 ## - DEWEY DECIMAL CLASSIFICATION NUMBER
Classification number 624.18341
Item number RAA
100 ## - MAIN ENTRY--PERSONAL NAME
Personal name KRISHNARAJU,N
245 #0 - TITLE STATEMENT
Title Advanced Reinforced Concrete Design
250 ## - EDITION STATEMENT
Edition statement Rep
260 ## - PUBLICATION, DISTRIBUTION, ETC. (IMPRINT)
Place of publication, distribution, etc N. delhi
Name of publisher, distributor, etc CBS Publishers
Date of publication, distribution, etc 2012
300 ## - PHYSICAL DESCRIPTION
Extent 353
650 ## - SUBJECT ADDED ENTRY--TOPICAL TERM
Topical term or geographic name as entry element B.Tech(CE)
942 ## - ADDED ENTRY ELEMENTS (KOHA)
Source of classification or shelving scheme Dewey Decimal Classification
Koha item type Text Books
Holdings
Withdrawn status Lost status Source of classification or shelving scheme Damaged status Not for loan Collection code Home library Current library Date acquired Source of acquisition Cost, normal purchase price Bill Number Total Checkouts Full call number Acc. no. / Barcode Date last seen Bill Date Koha item type Checked out Date last borrowed
    Dewey Decimal Classification     B.Tech(CE) PIET C-LIBRARY PIET C-LIBRARY 14/05/2013 IBH, New Delhi 300.00 1209   624.18341 RAA 22183 04/12/2019 09/05/2013 Text Books    
    Dewey Decimal Classification     B.Tech(CE) PIET C-LIBRARY PIET C-LIBRARY 14/05/2013 IBH, New Delhi 300.00 1209   624.18341 RAA 22184 04/12/2019 09/05/2013 Text Books    
    Dewey Decimal Classification     B.Tech(CE) PIET C-LIBRARY PIET C-LIBRARY 14/05/2013 IBH, New Delhi 300.00 1209 1 624.18341 RAA 22185 04/12/2020 09/05/2013 Text Books 02/06/2021 04/12/2020
    Dewey Decimal Classification     B.Tech(CE) PIET C-LIBRARY PIET C-LIBRARY 14/05/2013 IBH, New Delhi 300.00 1209   624.18341 RAA 22186 04/12/2019 09/05/2013 Text Books    
    Dewey Decimal Classification     B.Tech(CE) PIET C-LIBRARY PIET C-LIBRARY 14/05/2013 IBH, New Delhi 300.00 1209   624.18341 RAA 22187 04/12/2019 09/05/2013 Text Books    

Design & Developed by: PIET Central Library
R70 Miles Stone Pattikalyana Samalkha Panipat 132102
mail ID :- [email protected], Phone No:- 0180-2569700 Ex.216